Transformando la práctica de maestros y maestras desde la deconstrucción.

Gardado en:
Detalles Bibliográficos
Autor Principal: Anze Obarrio, Rosario [et al.], (autor)
Formato: Libro
Idioma:Lingua castelá
Series:(Cuadernos educativos ; no. 51)
Temas:
Etiquetas: Engadir etiqueta
Sen Etiquetas, Sexa o primeiro en etiquetar este rexistro!

MARC

LEADER 00000cam^a2200000uu^4500
001 000492058
005 20250521000000.0
008 050901s2000^^^^^^^^^^^^rd^r^^000^0^spa^d
009 20260310125431.653
035 |a FCE 000035326 
035 |a FCE 035367 
037 |a Acervo ITESO - Biblioteca 
041 |a spa 
082 0 4 |a 370.984  |b ANZt 
100 |a Anze Obarrio, Rosario,  |e [et al.]  |e (autor) 
245 1 0 |a Transformando la práctica de maestros y maestras desde la deconstrucción. 
264 |a La Paz, Bolivia :  |b CEBIAE,  |c 2000. 
300 |a 139 p. 
336 |a texto  |b txt  |2 rdacontenido 
337 |a sin mediación  |b n  |2 rdamedio 
338 |a volumen  |b nc  |2 rdasoporte 
440 0 |a (Cuadernos educativos ;  |v no. 51) 
649 |a XX 
650 |a Educación popular 
650 |a Estrategias de la educación 
650 |a Reforma de la educación 
650 |a Educación 
650 |a Globalización 
650 |a Práctica docente 
650 |a Bolivia 
910 |a Fondo Centro de Estudios Educativos 
920 |a Impresos - Libros 
930 |a Fondos Especiales 
905 |a 133 
901 |a ALE035367  |b IT2  |c CEE  |u 20250521 
901 |a ALE044427  |b IT2  |c CEE  |u 20250521 
902 |a https://opac.biblio.iteso.mx/vufind/Record/000492058